| 000 | 01381nam1a2200313 i 4500 | ||
|---|---|---|---|
| 001 | RU\NLR\BIBL_A\012144597 | ||
| 005 | 20260406112446.0 | ||
| 010 |
_a9785090726108 _bобщ. |
||
| 035 | _a(NLR Aleph) 012144597 | ||
| 090 |
_a12115142 _c12115142 |
||
| 100 | _a20191122g2020 bc y0rusy50 ca | ||
| 101 | 0 | _arus | |
| 102 | _aRU | ||
| 105 | _a j | ||
| 200 | 1 |
_aРусский язык _e2 класс _eучебное пособие для общеобразовательных организаций _e[для детей с нарушением зрения] _eв четырёх частях _fВ. П. Канакина, В. Г. Горецкий |
|
| 210 |
_aМосква _cПросвещение _d2020 |
||
| 215 | _d26 | ||
| 225 | 1 | _aШкола России | |
| 225 | 1 | _aИнклюзия | |
| 300 | _aНа обл. подзаг.: 2 | ||
| 333 | _a0+ | ||
| 606 |
_aРусский язык _jУчебные издания специальные для начальной школы _91533567 _3RU\NLR\AUTH\66969347 |
||
| 686 | 3 |
_aШ141.12-922.1 _bЧ433[2] |
|
| 700 | 1 |
_aКанакина _bВ. П. _gВалентина Павловна |
|
| 701 | 1 |
_8rus _7ca _aГорецкий _bВ. Г. _f1924-2009 _gВсеслав Гаврилович _3RU\NLR\AUTH\7764 _9110173 |
|
| 852 |
_aNLR _j2019-7/6954 |
||
| 942 | _cBOOK | ||